6 rzeczy, które faceci najbardziej lubią u kobiet - Statystyki

Ogólne statystyki
  • Ten quiz został rozwiązany 14 razy
  • Średni wynik to 3 z 6
Statystyki odpowiedzi
Odpowiedź % Poprawnych
Głos
78%
Szczery uśmiech
44%
Urzekający zapach
44%
Ambicję
33%
Dbałość o szczegóły
33%
Naturalne piękno
33%
Nie znaleziono quizów pasujących do podanych kryteriów
Rozkład punktacji
Procent ludzi z każdym wynikiem
Percentyl według liczby udzielonych odpowiedzi
Twoja historia wyników
Nie rozwiązałeś tego quizu